Structuring Your Classroom for Academic Success (Record no. 24863)

MARC details
000 -LEADER
fixed length control field 00680nam a22002297a 4500
003 - CONTROL NUMBER IDENTIFIER
control field OSt
005 - DATE AND TIME OF LATEST TRANSACTION
control field 20260619110202.0
008 - FIXED-LENGTH DATA ELEMENTS--GENERAL INFORMATION
fixed length control field 260619b |||||||| |||| 00| 0 eng d
020 ## - INTERNATIONAL STANDARD BOOK NUMBER
International Standard Book Number 0878222286
040 ## - CATALOGING SOURCE
Transcribing agency Chuka University Library
050 ## - LIBRARY OF CONGRESS CALL NUMBER
Classification number LB 3013 .S77 1983
100 ## - MAIN ENTRY--PERSONAL NAME
Personal name Paine C. Stan
9 (RLIN) 30365
245 ## - TITLE STATEMENT
Title Structuring Your Classroom for Academic Success
260 ## - PUBLICATION, DISTRIBUTION, ETC.
Place of publication, distribution, etc. North Mattis Avenue
Name of publisher, distributor, etc. Champaign
Date of publication, distribution, etc. 1983
300 ## - PHYSICAL DESCRIPTION
Extent Various Pagings
Other physical details Appendix
650 ## - SUBJECT ADDED ENTRY--TOPICAL TERM
Topical term or geographic name entry element Classroom Management
9 (RLIN) 11400
700 ## - ADDED ENTRY--PERSONAL NAME
Personal name JoAnn Radicchi
9 (RLIN) 30366
700 ## - ADDED ENTRY--PERSONAL NAME
Personal name Lynne C. Rosellini
9 (RLIN) 30367
700 ## - ADDED ENTRY--PERSONAL NAME
Personal name Lesle Deutchman
9 (RLIN) 30368
700 ## - ADDED ENTRY--PERSONAL NAME
Personal name Craig B. Darch
9 (RLIN) 30369
942 ## - ADDED ENTRY ELEMENTS (KOHA)
Source of classification or shelving scheme Library of Congress Classification
Koha item type Long Loan Books
Suppress in OPAC No
Holdings
Withdrawn status Lost status Source of classification or shelving scheme Damaged status Not for loan Collection Home library Current library Shelving location Date acquired Source of acquisition Cost, normal purchase price Total Checkouts Full call number Barcode Date last seen Price effective from Koha item type
    Library of Congress Classification     General Collection Books Main Campus Library Main Campus Library General Stacks 19/06/2026 Donations from Books for Africa 3167.78   LB 3013 .S77 1983 35507/2026 19/06/2026 19/06/2026 Long Loan Books

Powered by Koha